Applied polymer rheology polymeric fluids with industrial applications

Salvato in:
Dettagli Bibliografici
Altri autori: Kontopoulou, Marianna (Redattore)
Natura: Libro
Lingua:inglese
Pubblicazione: Hoboken, N.J. Wiley 2012
Soggetti:
Accesso online:Visualizza in OPAC
Tags: Aggiungi Tag
Nessun Tag, puoi essere il primo ad aggiungerne!!

MARC

LEADER 00000nam a2200000 a 4500
005 20260127133957.0
008 130124t2012 xxua g p 001 0 eng c
020 |a 9780470416709 (viaz.) 
035 |a vtls010485385 
039 9 |a 201602231310  |b mschk03  |y 201301241332  |z msavuk02 
040 |a SAVUK  |b slo  |c SAVUK  |d STUSCHK1  |e AACR2 
041 0 |a eng 
044 |a xxu  |c US 
072 7 |a 54  |x Chémia. Mineralogické vedy  |2 konspekt 
072 7 |a 678  |x Priemysel makromolekulárnych látok. Gumárenský priemysel. Priemysel plastov  |2 konspekt 
080 |a 54-26  |2 2001 
080 |a 678.7/.8  |2 2001 
080 |a 532.135  |2 2001 
080 |a 544.777  |2 2001 
080 |a 678.7/.8:54-143  |2 2001 
080 |a (075)  |2 2001 
245 1 0 |a Applied polymer rheology  |b polymeric fluids with industrial applications  |c edited by Marianna Kontopoulou 
260 |a Hoboken, N.J.  |b Wiley  |c 2012 
300 |a x, 354 s.  |b ilustr.  |c 24 cm 
504 |a Lit., reg. 
650 0 7 |a polyméry  |2 SNKPH 
650 0 7 |a reológia  |2 SNKPH 
650 0 7 |a polymérne roztoky  |2 SAVUKPH 
650 0 7 |a polymérne taveniny  |2 SNKPH 
650 0 7 |a Polymers  |2 SNKPHeng 
650 0 7 |a Rheology  |2 SNKPHeng 
650 0 7 |a Polymer solutions  |2 SAVUKPHeng 
650 0 7 |a Polymer melt  |2 SAVUKPHeng 
655 7 |a učebnice  |2 SNKPH 
655 7 |a Textbooks  |2 SNKPHeng 
700 1 |a Kontopoulou, Marianna  |4 edt 
910 |a savuk 
910 |a SCHK95 
919 |a 978-0-470-41670-9 
999 |c 1329  |d 1329